Die Sudetendeutschen in Kanada
| Titel: | Die Sudetendeutschen in Kanada |
|---|---|
| Verfasser: | |
| In: |
Seliger-Gemeinde: Sudeten-Jahrbuch der Seliger-Gemeinde, Band 48 (1999), Seite 36-43 alle Artikel anzeigen |
| Veröffentlicht: | 1999 [1998] |
| Format: | Aufsatz |
| Sprache: | Deutsch |
X
alg: 39145290 001A $01999:11-11-16 001B $01999:25-04-21 $t10:51:54.000 001D $01999:11-11-16 001U $0utf8 001X $00 002@ $0Aox 003@ $0391452908 007A $0391452908 $aHEB 007T $0Herd01239 010@ $ager 011@ $a1999 $n1999 [1998] 021A $aDie @Sudetendeutschen in Kanada 028A $aWieden $dFritz 031A $d48 $h36-43 $j1999 039B $aIn $8--Abvc--Seliger-Gemeinde [Tb1]. Sudeten-Jahrbuch der Seliger-Gemeinde. - München : Die Brücke, 1952-2003 $x199900000480000964 $9047713011 045F $a304.6094371 $eDDC23BSB 045F/01 $a304.609 045F/03 $g4371 lok: 39145290 78 exp: 39145290 78 1 #EPN 201B/01 $026-11-17 $t00:37:02.000 201U/01 $0utf8 203@/01 $0787546968 208@/01 $a11-11-16 $be 209A/01 $a/ $f000 $x00 220C/01 $aTitelaufnehmer: rk 244Z/01 $#Tschechien $#Tschechische Republik $#Tschechische Republik $#Tschechenland $#Tschechei Tschechien $#Česká Republika $#Czech Republic $#ČR $74303381-7 $8--Tg1--Tschechien $x01 $9086659812 244Z/01 $2Trx $#Böhmen $#Bohemia $#Czechy $8--Trx--Čechy $x02 $9391188941 244Z/01 $#Canada $#Dominion of Canada $#Puissance du Canada $74029456-0 $8--Tg1--Kanada $x03 $9085077887 244Z/01 $aGeschichte 1938-1976 $x04 244Z/01 $2Trx $#sudeedisakslased $#Sudetų vokiečiai $#Sudeto-Germans $#szudéta német $#Niemcy Sudeccy $#Nemci sudetskí $#Němci sudetští $8--Trx--Sudetendeutsche $x05 $9391356666 244Z/01 $2Trx $#pagendus $#išeivija $#exile $#számüzetés $#wychodźstwo $#exil $#exil $8--Trx--Exil $x06 $9391369601 244Z/01 $2Trx $8--Trx--Zeitschriftenaufsatz $x07 $9391384341 245Z/01 $a08.03 $x01 247C/01 $82080>Marburg/Lahn, Herder-Institut, Forschungsbibliothek, Bibliographieportal $9336309341
| LEADER | 00000caa a22000002c 4500 | ||
|---|---|---|---|
| 001 | 391452908 | ||
| 003 | DE-603 | ||
| 005 | 20210425105154.0 | ||
| 007 | tu | ||
| 008 | 161111s1999 xx |||| | u00||u|ger c | ||
| 035 | |a (DE-599)HEB391452908 | ||
| 040 | |a DE-603 |b ger |c DE-603 |d DE-603 | ||
| 041 | |a ger | ||
| 082 | 0 | 4 | |8 1\u |a 304.6094371 |q DE-101 |2 23/BSB |
| 085 | |8 1\u |b 304.609 | ||
| 085 | |8 1\u |z 2 |s 4371 | ||
| 100 | 1 | |a Wieden, Fritz | |
| 245 | 0 | 0 | |a Die Sudetendeutschen in Kanada |
| 264 | 0 | |c 1999 [1998] | |
| 773 | 0 | 8 | |i In |a Seliger-Gemeinde |t Sudeten-Jahrbuch der Seliger-Gemeinde |d München : Die Brücke, 1952-2003 |h 21 cm |g Band 48 (1999), Seite 36-43 |w (DE-603)047713011 |w (DE-600)511910-8 |
| 924 | 0 | |9 2080 |a (DE-603)787546968 |b DE-2080 |c HES |d d |g / | |


